header

Bridging boundaries (Record no. 111784)

MARC details
000 -LEADER
fixed length control field 01349nam a2200325Ia 4500
100 1# - MAIN ENTRY--AUTHOR NAME
Personal name Karstens, Sonja.
245 10 - TITLE STATEMENT
Title Bridging boundaries
260 ## - PUBLICATION, DISTRIBUTION, ETC. (IMPRINT)
Place of publication Amsterdam ;
-- Fairfax, VA :
Name of publisher IOS Press,
Year of publication c2009.
300 ## - PHYSICAL DESCRIPTION
Number of Pages xii, 316 p. :
Other physical details ill., maps.
490 1# - SERIES STATEMENT
Series statement Deltares select series,
650 #0 - SUBJECT ADDED ENTRY--TOPICAL TERM
Topical Term Water resources development
Topical Term Water
856 40 - ELECTRONIC LOCATION AND ACCESS
Uniform Resource Identifier http://site.ebrary.com/lib/rucke/Doc?id=10363641

No items available.

© 2026 Rongo University
Contact us: librarian | system librarian | Rongo university